<?xml version="1.0" encoding="UTF-8"?>
<record
    xmlns:xsi="http://www.w3.org/2001/XMLSchema-instance"
    xsi:schemaLocation="http://www.loc.gov/MARC21/slim http://www.loc.gov/standards/marcxml/schema/MARC21slim.xsd"
    xmlns="http://www.loc.gov/MARC21/slim">

  <leader>01124nam a22002657a 4500</leader>
  <controlfield tag="003">SEM</controlfield>
  <datafield tag="999" ind1=" " ind2=" ">
    <subfield code="c">69827</subfield>
    <subfield code="d">69827</subfield>
  </datafield>
  <controlfield tag="005">20220608074449.0</controlfield>
  <controlfield tag="008">191011b           ||||| |||| 00| 0 arm d</controlfield>
  <datafield tag="020" ind1=" " ind2=" ">
    <subfield code="a">9789939511337</subfield>
  </datafield>
  <datafield tag="040" ind1=" " ind2=" ">
    <subfield code="a">SEM</subfield>
    <subfield code="c">SEM</subfield>
  </datafield>
  <datafield tag="041" ind1=" " ind2=" ">
    <subfield code="a">arm.</subfield>
  </datafield>
  <datafield tag="080" ind1=" " ind2=" ">
    <subfield code="a">347(47.925)/&#x535;-17</subfield>
  </datafield>
  <datafield tag="100" ind1=" " ind2=" ">
    <subfield code="a">&#x535;&#x576;&#x563;&#x56B;&#x562;&#x561;&#x580;&#x575;&#x561;&#x576; &#x54E;&#x561;&#x570;&#x565;</subfield>
  </datafield>
  <datafield tag="245" ind1=" " ind2=" ">
    <subfield code="a">&#x534;&#x561;&#x57F;&#x561;&#x580;&#x561;&#x576; &#x587; &#x561;&#x580;&#x564;&#x561;&#x580;&#x561;&#x564;&#x561;&#x57F;&#x578;&#x582;&#x569;&#x575;&#x578;&#x582;&#x576;: /</subfield>
    <subfield code="c">&#x54E;. &#x535;&#x576;&#x563;&#x56B;&#x562;&#x561;&#x580;&#x575;&#x561;&#x576;; &#x53D;&#x574;&#x562;.&#x55D; &#x540;. &#x54D;&#x561;&#x580;&#x563;&#x57D;&#x575;&#x561;&#x576;, &#x531;. &#x540;&#x561;&#x580;&#x578;&#x582;&#x569;&#x575;&#x578;&#x582;&#x576;&#x575;&#x561;&#x576;; &#x540;&#x540; &#x534;&#x561;&#x57F;&#x561;&#x57E;&#x578;&#x580;&#x576;&#x565;&#x580;&#x56B; &#x574;&#x56B;&#x578;&#x582;&#x569;&#x575;&#x578;&#x582;&#x576;</subfield>
  </datafield>
  <datafield tag="246" ind1=" " ind2=" ">
    <subfield code="a">Court and justice.</subfield>
    <subfield code="b">Family law manual. /</subfield>
  </datafield>
  <datafield tag="260" ind1=" " ind2=" ">
    <subfield code="a">&#x535;&#x580;&#x587;&#x561;&#x576;:</subfield>
    <subfield code="b">&#x531;&#x576;&#x57F;&#x561;&#x580;&#x565;&#x57D;,</subfield>
    <subfield code="c">2009.</subfield>
  </datafield>
  <datafield tag="300" ind1=" " ind2=" ">
    <subfield code="a">90 &#x567;&#x57B;;</subfield>
    <subfield code="c">20 &#x57D;&#x574;</subfield>
  </datafield>
  <datafield tag="440" ind1=" " ind2=" ">
    <subfield code="a">&#x538;&#x576;&#x57F;&#x561;&#x576;&#x565;&#x56F;&#x561;&#x576; &#x570;&#x561;&#x576;&#x580;&#x561;&#x574;&#x561;&#x57F;&#x579;&#x565;&#x56C;&#x56B; &#x56B;&#x580;&#x561;&#x57E;&#x561;&#x562;&#x561;&#x576;&#x561;&#x56F;&#x561;&#x576; &#x563;&#x580;&#x561;&#x564;&#x561;&#x580;&#x561;&#x576;</subfield>
  </datafield>
  <datafield tag="504" ind1=" " ind2=" ">
    <subfield code="a">&#x53E;&#x561;&#x576;&#x578;&#x569;&#x561;&#x563;&#x580;.&#x55D; &#x567;&#x57B; 90</subfield>
  </datafield>
  <datafield tag="650" ind1=" " ind2=" ">
    <subfield code="a">&#x534;&#x561;&#x57F;&#x561;&#x56F;&#x561;&#x576; &#x570;&#x561;&#x574;&#x561;&#x56F;&#x561;&#x580;&#x563;</subfield>
    <subfield code="z">&#x540;&#x561;&#x575;&#x561;&#x57D;&#x57F;&#x561;&#x576;&#x56B; &#x540;&#x561;&#x576;&#x580;&#x561;&#x57A;&#x565;&#x57F;&#x578;&#x582;&#x569;&#x575;&#x578;&#x582;&#x576;</subfield>
  </datafield>
  <datafield tag="700" ind1=" " ind2=" ">
    <subfield code="a">&#x54D;&#x561;&#x580;&#x563;&#x57D;&#x575;&#x561;&#x576; &#x540;&#x580;&#x561;&#x579;&#x56B;&#x56F;</subfield>
    <subfield code="e">&#x56D;&#x574;&#x562;.</subfield>
    <subfield code="4">edt.</subfield>
  </datafield>
  <datafield tag="700" ind1=" " ind2=" ">
    <subfield code="a">&#x540;&#x561;&#x580;&#x578;&#x582;&#x569;&#x575;&#x578;&#x582;&#x576;&#x575;&#x561;&#x576; &#x531;&#x574;&#x561;&#x56C;&#x575;&#x561;</subfield>
    <subfield code="e">&#x56D;&#x574;&#x562;.</subfield>
    <subfield code="4">edt.</subfield>
  </datafield>
  <datafield tag="710" ind1=" " ind2=" ">
    <subfield code="a">&#x540;&#x540; &#x534;&#x561;&#x57F;&#x561;&#x57E;&#x578;&#x580;&#x576;&#x565;&#x580;&#x56B; &#x574;&#x56B;&#x578;&#x582;&#x569;&#x575;&#x578;&#x582;&#x576;</subfield>
  </datafield>
  <datafield tag="942" ind1=" " ind2=" ">
    <subfield code="2">udc</subfield>
    <subfield code="c">BK</subfield>
  </datafield>
  <datafield tag="952" ind1=" " ind2=" ">
    <subfield code="0">0</subfield>
    <subfield code="1">0</subfield>
    <subfield code="2">udc</subfield>
    <subfield code="4">0</subfield>
    <subfield code="7">0</subfield>
    <subfield code="8">&#x533;&#x580;&#x561;&#x57A;&#x561;&#x570;&#x578;&#x581;</subfield>
    <subfield code="a">SEM</subfield>
    <subfield code="b">SEM</subfield>
    <subfield code="d">2019-10-11</subfield>
    <subfield code="g">1000.00</subfield>
    <subfield code="i">24341</subfield>
    <subfield code="l">0</subfield>
    <subfield code="o">347(47.925)/&#x535;-17</subfield>
    <subfield code="p">24341</subfield>
    <subfield code="r">2019-10-11</subfield>
    <subfield code="w">2019-10-11</subfield>
    <subfield code="y">BK</subfield>
    <subfield code="z">&#x54D;&#x57A;&#x561;&#x57D;&#x561;&#x580;&#x56F;&#x57E;&#x578;&#x582;&#x574; &#x567; &#x568;&#x576;&#x569;&#x565;&#x580;&#x581;&#x561;&#x57D;&#x580;&#x561;&#x570;</subfield>
  </datafield>
</record>
